LEADER 03026nam 2200625 450 001 9910132393103321 005 20230228154144.0 010 $a1-118-82525-X 010 $a1-118-96331-8 010 $a1-118-82527-6 010 $a9781118963319 035 $a(CKB)3710000000361279 035 $a(EBL)1895630 035 $a(SSID)ssj0001436779 035 $a(PQKBManifestationID)11783078 035 $a(PQKBTitleCode)TC0001436779 035 $a(PQKBWorkID)11445002 035 $a(PQKB)11416501 035 $a(MiAaPQ)EBC1895630 035 $a(DLC) 2014048450 035 $a(Au-PeEL)EBL1895630 035 $a(CaPaEBR)ebr11024580 035 $a(CaONFJC)MIL769807 035 $a(OCoLC)904405417 035 $a(PPN)219904847 035 $a(EXLCZ)993710000000361279 100 $a20150308h20152015 uy 0 101 0 $aeng 135 $aur|n|---||||| 181 $ctxt$2rdacontent 182 $cc$2rdamedia 183 $acr$2rdacarrier 200 10$aAtlas of temporomandibular joint surgery /$feditors, Peter D. Quinn, Eric J. Granquist 205 $aSecond edition. 210 1$aAmes, Iowa :$cJohn Wiley Sons,$d2015. 210 4$dİ2015 215 $a1 online resource (xiii, 252 pages) $cillustrations (some color) 300 $aPreceded by Color atlas of temporomandibular joint surgery / Peter D. Quinn. c1998. 311 $a9781119949855 311 $a1-119-94985-8 320 $aIncludes bibliographical references and index. 327 $aSurgical decision making for temporomandibular joint surgery -- Diagnostic imaging of the temporomandibular joint -- Surgical approaches to the temporomandibular joint -- Surgery for internal derangement -- Osseous surgery of the temporomandibular joint -- Trauma -- Autogenous reconstruction of the temporomandibular joint -- Stock alloplastic reconstruction of the temporomandibular joint -- Custom alloplastic reconstruction of the temporomandibular joint -- Pathology of the temporomandibular joint -- Complications. 330 $aThis second edition of the Atlas of Temporomandibular Joint Surgery is a major revision of Dr. Quinn's classic work, taking into account new procedures, equipment, and evidence-based findings from the latest research in TMJ treatment.Assuming that readers are familiar with non-surgical therapies to correct temporomandibular pain and disorders, Drs. Quinn and Granquist focus on the surgical remedies for disorders that are beyond conservative treatment. This concise, how-to surgical atlas guides both the novice and experienced surgeon through the intra-articular and extra-articular procedures t 606 $aTemporomandibular joint$xSurgery 615 0$aTemporomandibular joint$xSurgery. 676 $a617.5/22059 702 $aQuinn$b Peter D.$f1948- 702 $aGranquist$b Eric J. 801 0$bMiAaPQ 801 1$bMiAaPQ 801 2$bMiAaPQ 906 $aBOOK 912 $a9910132393103321 996 $aAtlas of temporomandibular joint surgery$92222066 997 $aUNINA LEADER 01220nam 2200445 450 001 9910798522203321 005 20230808194645.0 010 $a1-68325-157-1 035 $a(CKB)3710000000776881 035 $a(MiAaPQ)EBC4619670 035 $a(Au-PeEL)EBL4619670 035 $a(CaPaEBR)ebr11241310 035 $a(OCoLC)956277921 035 $a(EXLCZ)993710000000776881 100 $a20160825h20162016 uy 0 101 0 $aspa 135 $aurcnu|||||||| 181 $2rdacontent 182 $2rdamedia 183 $2rdacarrier 200 10$aDiccionario de calori?as /$fClara Cesana 210 1$aIreland :$cEditorial De Vecchi,$d2016. 210 4$dİ2016 215 $a1 online resource (118 pages) $cillustrations, tables 225 1 $aSalud 311 $a84-315-2606-8 410 0$aColeccio?n Salud. 606 $aFood$xCaloric content 606 $aLow-calorie diet$vRecipes 615 0$aFood$xCaloric content. 615 0$aLow-calorie diet 676 $a641.1 700 $aCesana$b Clara$01176068 801 0$bMiAaPQ 801 1$bMiAaPQ 801 2$bMiAaPQ 906 $aBOOK 912 $a9910798522203321 996 $aDiccionario de calori?as$93679554 997 $aUNINA